| 000 | 00571nam a22002177a 4500 | ||
|---|---|---|---|
| 003 | UA-OsUOA | ||
| 001 | 64031 | ||
| 007 | ta | ||
| 008 | 20091027b un ||||| |||| 00| 0 ukr d | ||
| 100 | _aГош О. | ||
| 090 |
_a330(477) _bГ74 |
||
| 942 | _cSA | ||
| 040 |
_aUA-OsUOA _bukr _cUA-OsUOA _dUA-OsUOA |
||
| 245 | _aФункціонування соціально-економічного ладу України | ||
| 300 | _aС. 54-62 | ||
| 955 | _a0 | ||
| 041 | _aukr | ||
| 080 | _a330(477) | ||
| 773 | 0 | _w64029 | |
| 650 | 7 |
_a330 Економіка взагалі _2UDC |
|
| 999 |
_c350137 _d350137 |
||